Top Gear Countries (Updated) Quiz Stats

 Plays Quiz not verified by Sporcle

Challenge
Share
Tweet
Embed
Score 0/48 Timer 06:00
0 Plays Today
Challenge Example Country % Correct
Bus RacingUK
96.8%
Rear-wheel drive coupesFrance
94.1%
The best road in the world (No.2)Italy
92.5%
Buy a car for less than you can rent oneUSA
92%
4-wheel drive saloonsGermany
91.4%
Nissan GTR vs Bullet TrainJapan
90.9%
Budget ConvertiblesSpain
86.6%
The expanding car industryChina
86.6%
BMW X6 ReviewAustralia
85.6%
Mercedes SLR vs BoatNorway
84%
Polar SpecialCanada
83.4%
Middle-East SpecialIraq
82.9%
South America SpecialBolivia
82.4%
Middle-East SpecialIsrael
82.4%
Mercedes SLR vs BoatSweden
82.4%
Africa Special (No. 1)Botswana
81.8%
South-East Asia Special (No.1)Vietnam
81.8%
The best road in the world (No.2)Switzerland
80.7%
Drive up an active volcanoIceland
80.7%
James May meets Mika HakkinenFinland
78.6%
South America SpecialChile
78.1%
Racing Yacht vs Toyota CorollaNew Zealand
78.1%
Mercedes SLR vs BoatDenmark
77.5%
Middle-East SpecialSyria
77%
Challenge Example Country % Correct
Mestratta reviewMexico
77%
South-East Asia Special (No.2)Burma
76.1%
The Marauder ReviewSouth Africa
75.9%
Middle-East SpecialJordan
75.4%
Middle-East SpecialTurkey
74.9%
Mercedes SLR vs BoatBelgium
73.8%
The best road in the world (No.1)Romania
72.7%
Mazda MX-5 vs GreyhoundIreland
72.2%
Renault Clio vs Downhill CyclistPortugal
71.1%
Mercedes SLR vs BoatNetherlands
71.1%
Bentley Mulsanne, Rolls-Royce Ghost and Mercedes S65Albania
69%
South-East Asia Special (No.2)Thailand
68.8%
Top Gear SpecialIndia
65.2%
Africa Special (No.2)Uganda
64.7%
Ferrari Daytona vs PowerboatMonaco
62.6%
Africa Special (No.2)Rwanda
61%
Africa Special (No.2)Tanzania
60.4%
Fiat 500 vs BMXHungary
58.8%
1-litre hatchbacksUkraine
58.7%
Lamborghini MurciƩlago ReviewUnited Arab Emirates
49.2%
The best road in the world (No.2)Liechtenstein
47.6%
Testing military vehiclesAfghanistan
35.4%
Porsche Cayenne vs ParachutistCyprus
34.4%
BMW X6 ReviewBarbados
19.8%

You're not logged in!

Compare scores with friends on all Sporcle quizzes.
Join for Free
OR
Log In

You Might Also Like...

Show Comments

Extras

Top Quizzes Today


Score Distribution

Your Account Isn't Verified!

In order to create a playlist on Sporcle, you need to verify the email address you used during registration. Go to your Sporcle Settings to finish the process.

Report this User

Report this user for behavior that violates our Community Guidelines.

Details: